| 000 | 00817nam a22002773u 4500 | ||
|---|---|---|---|
| 001 | on1404750728 | ||
| 003 | TZ-ArACH | ||
| 005 | 20251125145429.0 | ||
| 006 | m o d | ||
| 007 | cr ||||||||||| | ||
| 008 | 231018s2022 xx o 000 u und d | ||
| 020 | _a9786204576145 | ||
| 020 | _a6204576143 | ||
| 035 | _a(OCoLC)1404750728 | ||
| 040 |
_aOCLKB _beng _epn _cTZ-ArACH |
||
| 049 | _aTZAA | ||
| 050 |
_aKTA3964 _b.I45 2022 |
||
| 100 | 1 | _aIllah, Obadiah | |
| 245 | 1 | 3 |
_aPeine de mort au Nigeria : _bProblèmes et remédes |
| 260 |
_aParis: _bEditions Notre Savoir; _c2022. |
||
| 300 | _a56 pages | ||
| 504 | _aBibliography | ||
| 650 |
_aNigeria _xDeath penalty |
||
| 856 | 4 | 0 |
_uhttps://www.perlego.com/book/4053485/la-peine-de-mort-au-nigeria-problmes-et-remdes-pdf _3Perlego, Ltd |
| 942 |
_2lcc _cBOOK |
||
| 999 |
_c7578 _d7578 |
||